[Event "Bassano del Grappa op 10"]
[Site "Bassano del Grappa"]
[Date "2020.10.25"]
[Round "4"]
[White "Lamartina, Davide Mariano"]
[Black "Spatocco, Andrea"]
[Result "1-0"]
[WhiteElo "1902"]
[BlackElo "1971"]
[PlyCount "57"]
[EventDate "2020.10.23"]
[EventType "swiss"]
[EventRounds "5"]
[EventCountry "ITA"]
[SourceTitle "EXT 2022"]
[Source "ChessBase"]
[SourceDate "2021.10.06"]
[SourceVersion "1"]
[SourceVersionDate "2021.10.06"]
[SourceQuality "1"]

1. e4 c5 2. Nc3 d6 3. d4 cxd4 4. Qxd4 a6 5. b3 Nc6 6. Qd2 g6 7. Bb2 Bg7 8. 0-0-0 Bg4 9. Be2 Bxe2 10. Ngxe2 Nf6 11. f3 0-0 12. Nd5 Nxd5 13. exd5 Bxb2+ 14. Kxb2 Ne5 15. h4 Rc8 16. h5 Qd7 17. Nd4 f5 18. hxg6 Nxg6 19. Ne6 Rf7 20. Rh6 f4 21. Rdh1 Ne5 22. Nxf4 Qb5 23. Ka1 Qc5 24. c4 Nxc4 25. bxc4 Qxc4 26. Ne6 Qc3+ 27. Qxc3 Rxc3 28. Kb2 Rd3 29. Rc1 1-0